000 00924nam a2200361Ia 4500
001 9598
005 20240113234217.0
007 ta
008 050727s a g b000 u asm u
020 _cHB
040 _aCotton College,Assam
041 _aasm
082 _a891.41928
_bNe 35 Be
100 _aNeog, Maheswar.
245 0 _aBezbaruar Dinlekha Pratham Khanda (1895-1903) /
_cMaheswar Neog.
_hTextual Documents
250 _a1st ed. /
260 _aSl :
_bSn ,
_cnd.
300 _a180p. :
_bill. ;
_c21cm .
653 _aAssamese Diaries
653 _aDiaries-Bezbarua
653 _aAssamese Essays
653 _aAssamese Biography
653 _aAutobiography
653 _aMS-Assamese
653 _aBiography-Lakshminath Bezbarua
653 _aG-Assamese
942 _2ddc
_cBK
999 _c9585
_d9585